<?xml version="1.0" encoding="UTF-8"?><?xml-stylesheet type="text/xsl" href="static/style.xsl"?><OAI-PMH xmlns="http://www.openarchives.org/OAI/2.0/" xmlns:xsi="http://www.w3.org/2001/XMLSchema-instance" xsi:schemaLocation="http://www.openarchives.org/OAI/2.0/ http://www.openarchives.org/OAI/2.0/OAI-PMH.xsd"><responseDate>2026-04-29T18:46:58Z</responseDate><request verb="GetRecord" identifier="oai:riubu.ubu.es:10259/8235" metadataPrefix="marc">https://riubu.ubu.es/oai/request</request><GetRecord><record><header><identifier>oai:riubu.ubu.es:10259/8235</identifier><datestamp>2024-01-09T01:05:32Z</datestamp><setSpec>com_10259_7355</setSpec><setSpec>com_10259_7353</setSpec><setSpec>com_10259_2604</setSpec><setSpec>col_10259_8233</setSpec></header><metadata><record xmlns="http://www.loc.gov/MARC21/slim" xmlns:doc="http://www.lyncode.com/xoai" xmlns:xsi="http://www.w3.org/2001/XMLSchema-instance" xmlns:dcterms="http://purl.org/dc/terms/" xsi:schemaLocation="http://www.loc.gov/MARC21/slim http://www.loc.gov/standards/marcxml/schema/MARC21slim.xsd">
<leader>00925njm 22002777a 4500</leader>
<datafield tag="042" ind1=" " ind2=" ">
<subfield code="a">dc</subfield>
</datafield>
<datafield tag="720" ind1=" " ind2=" ">
<subfield code="a">Bartolome, Fernando</subfield>
<subfield code="e">author</subfield>
</datafield>
<datafield tag="260" ind1=" " ind2=" ">
<subfield code="c">2023-12</subfield>
</datafield>
<datafield tag="520" ind1=" " ind2=" ">
<subfield code="a">En este trabajo hemos pretendido acercarnos a los monumentos de Semana Santa empleados en la catedral de Santa María de Vitoria-Gasteiz desde el siglo XVI hasta el XIX. Arquitecturas efímeras empleadas para celebrar los ritos de la Pascua cristiana, de los que tan solo nos quedan datos documentales y en el mejor de los casos trazas con las que poder ilustrar lo que fueron y su trascendencia en la escenografía sagrada.</subfield>
</datafield>
<datafield tag="520" ind1=" " ind2=" ">
<subfield code="a">This paper aims to examine the Holy Week monuments used in Saint Mary’s Cathedral in Vitoria-Gasteiz from the 16th to the 19th century. Ephemeral architecture that was used to celebrate the rituals of Christian Easter, of which only documentary data exists or, in the best of cases, traces with which to illustrate what these were and their significance in holy settings.</subfield>
</datafield>
<datafield tag="024" ind2=" " ind1="8">
<subfield code="a">2952-1084</subfield>
</datafield>
<datafield tag="024" ind2=" " ind1="8">
<subfield code="a">http://hdl.handle.net/10259/8235</subfield>
</datafield>
<datafield tag="024" ind2=" " ind1="8">
<subfield code="a">10.36443/sarmental.53</subfield>
</datafield>
<datafield tag="024" ind2=" " ind1="8">
<subfield code="a">2952-1084</subfield>
</datafield>
<datafield ind1=" " ind2=" " tag="653">
<subfield code="a">Monumento</subfield>
</datafield>
<datafield ind1=" " ind2=" " tag="653">
<subfield code="a">Semana Santa</subfield>
</datafield>
<datafield ind1=" " ind2=" " tag="653">
<subfield code="a">Arquitectura efímera</subfield>
</datafield>
<datafield ind1=" " ind2=" " tag="653">
<subfield code="a">Escenografía sagrada</subfield>
</datafield>
<datafield ind1=" " ind2=" " tag="653">
<subfield code="a">Vitoria</subfield>
</datafield>
<datafield ind1=" " ind2=" " tag="653">
<subfield code="a">Catedral</subfield>
</datafield>
<datafield ind1=" " ind2=" " tag="653">
<subfield code="a">Monument</subfield>
</datafield>
<datafield ind1=" " ind2=" " tag="653">
<subfield code="a">Holy Week</subfield>
</datafield>
<datafield ind1=" " ind2=" " tag="653">
<subfield code="a">Ephemeral architecture</subfield>
</datafield>
<datafield ind1=" " ind2=" " tag="653">
<subfield code="a">Holy settings</subfield>
</datafield>
<datafield ind1=" " ind2=" " tag="653">
<subfield code="a">Vitoria</subfield>
</datafield>
<datafield ind1=" " ind2=" " tag="653">
<subfield code="a">Cathedral</subfield>
</datafield>
<datafield tag="245" ind1="0" ind2="0">
<subfield code="a">Monumentos y arquitecturas efímeras en la escenografía sagrada de la catedral de Santa María de Vitoria-Gasteiz (siglos XVI-XIX)</subfield>
</datafield>
</record></metadata></record></GetRecord></OAI-PMH>